AEVUM. RASSEGNA DI SCIENZE STORICHE, LINGUISTICHE E FILOLOGICHE. N. I-VI. XL. 1966. (Record n. 319463)

Dettagli MARC
000 -LEADER
fixed length control field 02526nas a2200277Ia 4500
001 - CONTROL NUMBER
control field R050-R1007
003 - CONTROL NUMBER IDENTIFIER
control field IT-CnALBA
008 - FIXED-LENGTH DATA ELEMENTS--GENERAL INFORMATION
fixed length control field 170116c99999999xx |||||||||||| ||und||
040 ## - CATALOGING SOURCE
Original cataloging agency IT-CnALBA
Transcribing agency IT-CnALBA
041 ## - LANGUAGE CODE
Language code of text/sound track or separate title POLIGLOTTA
999 ## - SYSTEM CONTROL NUMBERS (KOHA)
Koha Dewey Subclass [OBSOLETE] NO
100 ## - MAIN ENTRY--PERSONAL NAME
Personal name CREMASCOLI GIUSEPPE
210 ## - ABBREVIATED TITLE
Abbreviated title AEVUM
222 ## - KEY TITLE
Key title AEVUM
245 #0 - TITLE STATEMENT
Title AEVUM. RASSEGNA DI SCIENZE STORICHE, LINGUISTICHE E FILOLOGICHE. N. I-VI. XL. 1966.
250 ## - EDITION STATEMENT
Edition statement 1a ed.
260 ## - PUBLICATION, DISTRIBUTION, ETC. (IMPRINT)
Place of publication, distribution, etc. MILANO
Name of publisher, distributor, etc. VITA E PENSIERO. SOCIETÀ EDITRICE
Date of publication, distribution, etc. 1966
300 ## - PHYSICAL DESCRIPTION
Extent 593 p.
310 ## - CURRENT PUBLICATION FREQUENCY
Current publication frequency BIMESTRALE
362 ## - DATES OF PUBLICATION AND/OR SEQUENTIAL DESIGNATION
Dates of publication and/or sequential designation Fascicolo: 1-6 / Anno: 40 (1966)
500 ## - GENERAL NOTE
General note SOMMARIO ANNATA 1966. ARTICOLI MISCELLANEA RECENSIONI SCHEDE BIBLIOGRAFICHE ELENCO LIBRI RICEVUTI. ASTRONOMIA DI GIORGIO DI PISIDIA. APOFONIA NEL MICENEO. CONCEZIONE DEL DISCEPOLO IN EPITETO. CRITICA LETTERARIA SU MICHELANGELO. CASSOLA E BASSANI. NOTA ENNIANA. PROPERZIO IN CLAUDIANO. SULLA DISCIPLINA ROMANA. SOLILOQUI DI AGOSTINO E LIBRO PRIMO DELLE TUSCULANE. NUOVA STORIA DELLA LETTERATURA ITALIANA. OPERA DI UGO BETTI. PERGAMENA DEGLI UMILIATI DI CREMONA. ITINERARIO DI CESARE PAVESE. ASTI AI TEMPI DELLA RIVOLUZIONE E DELL'IMPERO. CORRISPONDENZA DELL'ABATE EUSEBIO RENAUDOT CON MONSIGNORE GUIDO PASSIONEI E CON L'ABATE DOMENICO PASSIONEI 1708 1709. STUDI SU LUISA BANTIAUTORI: BIANCHI G. BRAMBILLASCA G. CERUTTI L. M. CASARI L. ACERBI M. T. BO ZZOLI A. ALFONSI L. PASQUALETTI O. AVALLONE R. GIRARDI E. TONDO M. ALAVAR M. GUERINI L. TATEO F.
501 ## - WITH NOTE
With note Società San Paolo EM - Piazza San Paolo, 14 - 12051 ALBA (CN) (non commercial uses only) ® Copyright 2017
520 ## - SUMMARY, ETC.
Summary, etc. SOMMARIO ANNATA 1966. ARTICOLI MISCELLANEA RECENSIONI SCHEDE BIBLIOGRAFICHE ELENCO LIBRI RICEVUTI. ASTRONOMIA DI GIORGIO DI PISIDIA. APOFONIA NEL MICENEO. CONCEZIONE DEL DISCEPOLO IN EPITETO. CRITICA LETTERARIA SU MICHELANGELO. CASSOLA E BASSANI. NOTA ENNIANA. PROPERZIO IN CLAUDIANO. SULLA DISCIPLINA ROMANA. SOLILOQUI DI AGOSTINO E LIBRO PRIMO DELLE TUSCULANE. NUOVA STORIA DELLA LETTERATURA ITALIANA. OPERA DI UGO BETTI. PERGAMENA DEGLI UMILIATI DI CREMONA. ITINERARIO DI CESARE PAVESE. ASTI AI TEMPI DELLA RIVOLUZIONE E DELL'IMPERO. CORRISPONDENZA DELL'ABATE EUSEBIO RENAUDOT CON MONSIGNORE GUIDO PASSIONEI E CON L'ABATE DOMENICO PASSIONEI 1708 1709. STUDI SU LUISA BANTIAUTORI: BIANCHI G. BRAMBILLASCA G. CERUTTI L. M. CASARI L. ACERBI M. T. BO ZZOLI A. ALFONSI L. PASQUALETTI O. AVALLONE R. GIRARDI E. TONDO M. ALAVAR M. GUERINI L. TATEO F.
650 ## - SUBJECT ADDED ENTRY--TOPICAL TERM
Topical term or geographic name as entry element STORIA - LINGUISTICA - FILOLOGIA
942 ## - ADDED ENTRY ELEMENTS (KOHA)
Koha item type RIVISTA
957 ## -
-- 1
999 ## - SYSTEM CONTROL NUMBERS (KOHA)
-- 1
Dati di copia
Withdrawn status Lost status Damaged status Not for loan Home library Current library Date acquired Total Checkouts Full call number Date last seen Price effective from Koha item type Public note
    Buone Condizioni Not For Loan ALBA - Biblioteca ALBA - Biblioteca 16/01/2017   R050-R1007 16/01/2017 16/01/2017 RIVISTA (data import: 16 gennaio 2017) - By Epidotti, Vaglietti.
CREDITS: SOCIETA' SAN PAOLO Via A.Severo, 58 - ROMA (RM) & PERIODICI SAN PAOLO SRL Via Giotto, 36 MILANO & CISF Via Giotto, 36 MILANO & EDIZIONI SAN PAOLO SRL,  Piazza Soncino, 5 CINISELLO BALSAMO (MI) -- ITALY